01880naa a2200193 a 450000100080000000500110000800800410001910000190006024501220007926000090020152012030021065300190141365300190143265300300145165300210148165300240150270000190152677301410154511210552014-06-11 2014 bl uuuu u00u1 u #d1 aALMEIDA, E. X. aPersist??ncia de leguminosas em uma pastagem de missioneira-gigante com manejo agroecol??gico.h[electronic resource] c2014 aA produ????o leiteira baseada em pastagens perenes consorciadas com leguminosas forrageiras ?? a base da pecu??ria agroecol??gica. No entanto, a manuten????o da consorcia????o ao longo do tempo tem sido um desafio nestes sistemas. Com o objetivo de avaliar a persist??ncia de leguminosas em uma pastagem de missioneira-gigante sob pastejo rotacionado foi implantado um experimento em Ituporanga, SC. O delineamento experimental utilizado foi inteiramente casualizado em arranjo bifatorial sendo o primeiro fator duas leguminosas forrageiras (maku e amendoim forrageiro) e o segundo fator duas formas de implanta????o, por sementes e por mudas, com quatro repeti????es. De outubro de 2006 a setembro de 2011, sempre antes da entrada dos animais nos piquetes foi realizada avalia????o da composi????o da pastagem. Houve efeito do m??todo de plantio e da esp??cie na manuten????o da consorcia????o ao longo dos anos. O plantio por mudas foi mais eficiente na manuten????o das leguminosas e o amendoim forrageiro aumentou sua participa????o na produ????o de massa seca da pastagem ao longo dos anos, permanecendo em 8% no quinto ano, enquanto o maku reduziu sua contribui????o a valores pr??ximos a 1%. aArachis pintoi aconsorcia????o afixa????o biol??gica de N aLotus uliginosus aMissioneira gigante1 aHANISCH, A. L. tIn: CONGRESSO DA SOCIEDADE BRASILEIRA DE SISTEMAS DE PRODU????O, 10., 2014, Foz do Igua??u, PR. Anais... Foz do Igua??u, PR: SBSP, 2014.